Etika v medzinárodnom podnikaní dizertačná práca

Enregistré dans:
Détails bibliographiques
Auteur principal: Pavelka, Ľuboš, 1962-
Collectivité auteur: Ekonomická univerzita v Bratislave. Obchodná fakulta
Autres auteurs: Zorkóciová, Otília, 1954-
Format: Livre
Langue:slovaque
Publié: Bratislava 2006
Sujets:
Tags: Ajouter un tag
Pas de tags, Soyez le premier à ajouter un tag!

MARC

LEADER 00000nam$a2200000$$$4500
001 0100396
005 20230227082918.0
041 0 |a slo 
044 |a SK 
245 1 0 |a Etika v medzinárodnom podnikaní  |b dizertačná práca  |c Ľuboš Pavelka ; škol. Otília Zorkóciová 
264 1 |a Bratislava  |c 2006 
300 |a 187 s. 
610 2 0 |a etika podnikateľská 
610 2 0 |a etika 
610 2 0 |a podnikanie medzinárodné 
610 2 0 |a etika manažérska 
610 2 0 |a etika hospodárska 
610 2 0 |a bankovníctvo 
610 2 0 |a poisťovníctvo 
610 2 0 |a korupcia 
100 1 |a Pavelka, Ľuboš, 1962- 
700 1 |a Zorkóciová, Otília, 1954- 
710 2 |a Ekonomická univerzita v Bratislave. Obchodná fakulta